000 00761nmc a2200277 a 4500
003 AR-BaBNM
005 20251128210124.0
008 049019s1996 ||||||||||||||000 | spa||
020 _a958-04-3395-X
040 _cAR-BaBNM
100 1 _aBojunga Nunes, Lygia
245 1 0 _aEl sofá estampado
260 _aSantafé de Bogotá
_bNorma
_c1996
300 0 _a192 p.
_bil.
490 0 _aTorre de papel. Azul
_vv. 8
500 0 _aSe recomienda a partir de nueve años
650 4 _aLIBROS PARA NINOS
650 4 _aLITERATURA INFANTIL
650 4 _aCUENTOS DE ANIMALES
653 0 _aLITERATURA BRASILENA
655 _aLITERATURA
700 1 _aBorrero, Lucía
_etraductor
700 1 _aDuque, Pedro José
_eilustrador
942 _cBK
998 _cMARTIN
999 _c14133
_d14133